000 00649nam a2200205Ii 4500
003 JO-AjNU
008 230605s9999||||xx |||||||||||||| ||und||
040 _aJO-AjNU
_bara
_erda
_cJO-AjNU
041 _aara
050 1 4 _aHA29.5
100 3 _aسرحان، احمد عبادة/ ثابت محمود احمد,
_eauthor
_936791
245 0 0 _aتصميم وتحليل التجارب
250 _aطبعة منقحة
264 3 1 _aد.م:د.ن
300 _a290
_bجداول احصائية
336 _atext
_btxt
_2rdacontent
337 _aunmediated
_bn
_2rdamedia
338 _avolume
_bnc
_2rdacarrier
650 4 _aتصميم التجارب
_936792
999 _aA15317
_c18885
_d18885